| 000 | 00743nam a2200265 a 4500 | ||
|---|---|---|---|
| 999 |
_c11356 _d11356 |
||
| 001 | 11356 | ||
| 003 | BD-JhCC | ||
| 005 | 20220228134022.0 | ||
| 008 | 190901r20191984enk 000 0 eng | ||
| 020 | _a9788190565585 | ||
| 035 | _a(BD-JhCC)11356 | ||
| 040 |
_aStDuBDS _cStDuBDS _dWlAbNL _dUk _dBD-JhCC |
||
| 041 | _aeng | ||
| 082 | 0 | 4 |
_a158 _222 _bHAY 2017 |
| 100 | 1 | _aHay, Louise | |
| 245 | 1 | 0 |
_aYou can heal your life / _cLouise Hay |
| 260 |
_aLondon : _bHay House India, _c2019 [reprint]. |
||
| 300 |
_axiii, 253 p. : _c20 cm. |
||
| 500 | _aOriginally published: 2006. | ||
| 500 |
_aFormerly CIP. _5Uk |
||
| 504 | _aIncludes index | ||
| 650 | _aSelf-actualization (Psychology) | ||
| 650 | _aMind and body | ||
| 942 |
_2ddc _cBK _08 |
||